Dhaka : from city to megacity (Record no. 8095)

MARC details
000 -LEADER
fixed length control field 00853nam a2200325Ia 4500
003 - CONTROL NUMBER IDENTIFIER
control field OSt
005 - DATE AND TIME OF LATEST TRANSACTION
control field 20220912144429.0
008 - FIXED-LENGTH DATA ELEMENTS--GENERAL INFORMATION
fixed length control field 220909b |||||||| |||| 00| 0 eng d
020 ## - INTERNATIONAL STANDARD BOOK NUMBER
International Standard Book Number 984510004X (hbk)
020 ## - INTERNATIONAL STANDARD BOOK NUMBER
International Standard Book Number SL00859625
037 ## - SOURCE OF ACQUISITION
Terms of availability Textual
040 ## - CATALOGING SOURCE
Original cataloging agency CSL
Language of cataloging eng
Transcribing agency CSL
041 ## - LANGUAGE CODE
Language code of text/sound track or separate title eng
100 ## - MAIN ENTRY--PERSONAL NAME
Personal name Islam Nazrul Ed.
245 #0 - TITLE STATEMENT
Title Dhaka : from city to megacity
260 ## - PUBLICATION, DISTRIBUTION, ETC.
Place of publication, distribution, etc. Dhaka
Name of publisher, distributor, etc. UOD
Date of publication, distribution, etc. 1996
300 ## - PHYSICAL DESCRIPTION
Extent xv,256p. ill.
490 ## - SERIES STATEMENT
Series statement Bangladesh Urban Studies series
500 ## - GENERAL NOTE
General note Appendices 251-256p.
650 ## - SUBJECT ADDED ENTRY--TOPICAL TERM
Topical term or geographic name entry element Urban studies- Bangladesh
650 ## - SUBJECT ADDED ENTRY--TOPICAL TERM
Topical term or geographic name entry element Sociology
700 ## - ADDED ENTRY--PERSONAL NAME
Personal name Islam Nazrul Ed.
942 ## - ADDED ENTRY ELEMENTS (KOHA)
Classification part Y35.44Q72, N6
Koha item type Textual
Source of classification or shelving scheme Colon Classification (CC)

No items available.

Copyright @ Delhi University Library System